000 00273nam a2200109 a 4500
005 20200930065846.0
008 110726s1936 000 spa d
100 _aHostos, Eugenio M. de,
_958627
245 0 _aEssais.
260 _aParis, Francia,
_c[1936].
999 _c32317
_d32317
040 _aDO-SdBNP